000 00874cam a22001935a 4500
001 E150354
008 100702s2010 xxk f 000 0 eng d
035 _a(Sirsi) u150354
041 0 _aeng
110 2 _aStrategic Forum for Construction
_94358
245 0 0 _aStrategic forum
_btargets to 2012
_h[electronic resource]
260 _aLondon
_bSFC
_c2010
520 _aSets out targets in six areas for the construction industry, through which it is hoped to increase best practice and improve the industry. The areas discussed are: procurement and integration; commitment to people; client leadership; sustainability; design quality; and health and safety.
590 _aKA
651 4 _aUnited Kingdom
_y
690 _aConstruction management
_96230
856 4 0 _uhttps://www.cic.org.uk/strategicforum/pdf/targets.pdf
_zView the publication at www.cic.org.uk
942 _n0
999 _c110842
_d110842